书目信息 |
| 题名: |
我国住房金融的体系重构与政策优化
|
|
| 作者: | 孟艳 著 | |
| 分册: | ||
| 出版信息: | 北京 经济科学出版社 2013 |
|
| 页数: | 226页 | |
| 开本: | 23cm | |
| 丛书名: | ||
| 单 册: | ||
| 中图分类: | F299.233.38 | |
| 科图分类: | ||
| 主题词: | 住宅金融--金融体系--研究--中国 , 住宅金融--金融政策--研究--中国 , 住宅金融 , 金融体系 , 金融政策 | |
| 电子资源: | ||
| ISBN: | 978-7-5141-3834-4 | |
| 000 | 01248nam0 2200289 450 | |
| 001 | 523 | |
| 005 | 20140909093719.28 | |
| 010 | @a978-7-5141-3834-4@dCNY38.00 | |
| 100 | @a20131211d2013 em y0chiy50 ea | |
| 101 | 0 | @achi |
| 102 | @aCN@b110000 | |
| 105 | @ay z 000yy | |
| 106 | @ar | |
| 200 | 1 | @a我国住房金融的体系重构与政策优化@AWo Guo Zhu Fang Jin Rong De Ti Xi Zhong Gou Yu Zheng Ce You Hua@dSystem restructuring and policy optimization of housing finance in China@f孟艳著@FMeng Yan Zhu@zeng |
| 210 | @a北京@c经济科学出版社@d2013 | |
| 215 | @a226页@d23cm | |
| 330 | @a本书针对我国住房金融的发展状况和未来需求,探讨如何优化住房金融政策和重构住房金融体系,以求更有利于实现“住有所居”的住房政策目标并促进房地产业可持续健康发展。全书在总结国内外经验、对我国住房金融体系进行大量研究的基础上,提出了具有操作性的政策建议。 | |
| 510 | 1 | @aSystem restructuring and policy optimization of housing finance in China@zeng |
| 606 | 0 | @a住宅金融@x金融体系@x研究@y中国 |
| 606 | 0 | @a住宅金融@x金融政策@x研究@y中国 |
| 606 | 0 | @a住宅金融 |
| 606 | 0 | @a金融体系 |
| 606 | 0 | @a金融政策 |
| 690 | @aF299.233.38@v5 | |
| 701 | 0 | @a孟艳@AMeng Yan@c(女,@f1973.9~)@4著 |
| 801 | 0 | @aCN@bTANGWEI@c20140603 |
| 905 | @b0839662-64@dF299.233.38@e1184@f3 | |
| 我国住房金融的体系重构与政策优化=System restructuring and policy optimization of housing finance in China/孟艳著.-北京:经济科学出版社,2013 |
| 226页;23cm |
| ISBN 978-7-5141-3834-4:CNY38.00 |
| 本书针对我国住房金融的发展状况和未来需求,探讨如何优化住房金融政策和重构住房金融体系,以求更有利于实现“住有所居”的住房政策目标并促进房地产业可持续健康发展。全书在总结国内外经验、对我国住房金融体系进行大量研究的基础上,提出了具有操作性的政策建议。 |
| ● |
| 相关链接 |
|
|
|
|
正题名:我国住房金融的体系重构与政策优化
索取号:F299.233.38/1184
 
预约/预借
| 序号 | 登录号 | 条形码 | 馆藏地/架位号 | 状态 | 备注 |
| 1 | 0839662 | 208396626 | 第一样本阅览室/ [索取号:F299.233.38/1184] | 在馆 | |
| 2 | 0839663 | 208396635 | 密集书库-海洋学院/ [索取号:F299.233.38/1184] | 在馆 | |
| 3 | 0839664 | 208396644 | 第一借阅区/ [索取号:F299.233.38/1184] | 在馆 |